000
00324nam a2200121Ia 4500
008
180117s9999 xx 000 0 und d
100
_a
by Terence Repelente
245
_a
Street art as a Weapon of the Masses
260
_c
2017
300
_a
16-18 pages, 2017 October 1
440
_a
Philippine Panorama
650
_a
WEAPON
999
_c
353309
_d
353309